| 000 | 01318nam a22003017a 4500 | ||
|---|---|---|---|
| 001 | 10109 | ||
| 003 | FISKH | ||
| 005 | 20260421084125.0 | ||
| 008 | 260421b cb ||||| |||| 00| 0 eng d | ||
| 020 | _a9789814437974 | ||
| 040 |
_aFISKH _beng _cFISKH _dFISKH |
||
| 050 | _aQA135.6 .S53 | ||
| 082 | _a510 | ||
| 100 | _aShahbal, Hawa | ||
| 245 |
_aTop maths : _bWorkbook 2B / _cAuthors: Hawa Shahbal and Penny Sim ; Consultant: Katharine Edar |
||
| 260 |
_aToa Payoh Lorong5: _bAlston Publishing House, _c2016. |
||
| 300 |
_a134 pages : _billustrations ; _c29 cm |
||
| 505 | _aJ | ||
| 520 | _aA primary-level mathematics textbook designed to develop foundational numeracy skills through structured lessons and engaging activities. The book introduces mathematical concepts using visual models and step-by-step problem-solving approaches, helping students build confidence and understanding in topics such as numbers, operations, and basic problem solving. | ||
| 521 | 8 |
_a500
_bLexile estimate |
|
| 521 | 8 |
_aJ
_bRaz-Plus |
|
| 650 |
_aMathematics _vStudy and teaching (Primary) Mathematics |
||
| 650 |
_aTextbooks Problem solving _vStudy and teaching Elementary mathematics |
||
| 700 |
_aSim, Penny _eAuthor |
||
| 700 |
_aEdar, Katharine _eConsultant |
||
| 942 |
_2ddc _cBK _n0 |
||
| 999 |
_c10109 _d10109 |
||